000 00457nam a2200133Ia 4500
008 211109s9999||||xx |||||||||||||| ||und||
082 _a894.1207
_bERU-M
100 _aErumpayam, George
245 0 _aMalayala Novel 19th Noottandil
260 _bNational Book Stall
_aKottayam
_c1984
630 _xGeneral Stack
650 _aMalayalam Novel
_vMalayalam literature
_xMalayalam literature historyAltaic, Uralic, Hyperborean & Dravidian Malayalam
942 _cBOOK
999 _c94321
_d94321